Name the Television Show - Statistics

General Stats
  • This quiz has been taken 54 times
  • The average score is 4 of 10
Answer Stats
Answer % Correct
1 Follows the lifes of rich housewives in various areas around the United States The Real Housewives
78%
6 Follows a law professor at a prestigous university who, with 5 of her students, become involved in a murder plot How to Get Away with Murder
59%
3 Follows the lives of a group of women as seen through the eyes of their late friend and neighbor who committed suicide Desperate Housewives
49%
9 A peek inside the exploits and privileged private lives of a blended family from Calabasas, California Keeping Up with the Kardashians
45%
5 The search for America's next drag superstar RuPaul's Drag Race
43%
10 Chronicled look at the criminal exploits of Colombian drug lord Pablo Escobar, as well as the many other drug kingpins who plagued the country through the years Narcos
35%
8 Finding out that their husbands are not just work partners, the but have also been romantically involved for the last twenty years, the two women try to cope with the circumstances together Grace and Frankie
25%
4 Depcits a dysfunctional family from the south Side of Chicago Shameless
25%
2 A 29 year old adjusting to life in New York after her rescue from a doomsday cult Unbreakable Kimmy Schmidt
22%
7 A producer that works to manipulate relationships on a dating show in order to film outrageous footage UnReal
6%
No matching quizzes found
Score Distribution
Percent of People with Each Score
Percentile by Number Answered
Your Score History
You have not taken this quiz